| Tag |
First Indicator |
Second Indicator |
Subfields |
| LEADER |
00000cam a2200000 a 4500 |
| 001 |
in00000071185 |
| 005 |
20151008062109.0 |
| 008 |
761229s1971 be ab b 10010 engm |
| 010 |
|
|
|a 76380566
|
| 035 |
|
|
|a (OCoLC)02895920
|
| 035 |
|
|
|9 AAJ9510AM
|
| 040 |
|
|
|a DLC
|c DLC
|d m.c.
|d TXA
|d UtOrBLW
|
| 041 |
0 |
|
|a eng
|a fre
|
| 049 |
|
|
|a TXAM
|c [1441765]
|
| 050 |
0 |
0 |
|a GC200
|b .L53 1970
|
| 082 |
0 |
|
|a 551.4/7
|
| 111 |
2 |
|
|a Liège Colloquium on Ocean Hydrodynamics
|n (2nd :
|d 1970)
|
| 245 |
1 |
0 |
|a Second Liege Colloquium on Ocean Hydrodynamics, University of Liege, 17-20 March 1970 /
|c edited by Claude Frankignoul.
|
| 264 |
|
1 |
|a [Liege?] :
|b [publisher not identified],
|c [1971?]
|
| 300 |
|
|
|a 155 leaves :
|b illustrations, maps ;
|c 28 cm.
|
| 336 |
|
|
|a text
|b txt
|2 rdacontent
|
| 337 |
|
|
|a unmediated
|b n
|2 rdamedia
|
| 338 |
|
|
|a volume
|b nc
|2 rdacarrier
|
| 500 |
|
|
|a English or French.
|
| 504 |
|
|
|a Includes bibliographies.
|
| 650 |
|
0 |
|a Oceanography
|v Congresses.
|
| 650 |
|
0 |
|a Hydrodynamics
|v Congresses.
|
| 650 |
|
0 |
|a Ocean waves
|v Congresses.
|
| 700 |
1 |
|
|a Frankignoul, Claude J.
|
| 999 |
|
|
|a MARS
|
| 999 |
f |
f |
|s 92660ad7-3958-3303-94ca-0d98c09ea097
|i 9937dee6-f75e-3fe2-bf9b-2bdc1965662b
|t 0
|
| 952 |
f |
f |
|p ric
|a Texas A&M University
|b Rellis Campus
|c Joint Library Facility
|d Remote Storage
|t 0
|e GC200 .L53 1970
|h Library of Congress classification
|i unmediated -- volume
|m A14806113646
|
| 998 |
f |
f |
|a GC200 .L53 1970
|t 0
|l Remote Storage
|